000 00265nam a22001337a 4500
003 SGT
082 _a370
_bA06N
100 _aN.C.E.R.T.
245 _aAIMS OF EDUCATION
260 _aNEW DELHI
_bNCERT
_c2006
300 _a8
650 _aEDUCATION
942 _2ddc
_cBK
999 _c12444
_d12444